Justice bafouée : l'état des droits de l'homme en France / (Record no. 1346)
[ view plain ]
| 000 -LEADER | |
|---|---|
| fixed length control field | 02002cam a2200433Li 4500 |
| 001 - CONTROL NUMBER | |
| control field | ocn690397879 |
| 003 - CONTROL NUMBER IDENTIFIER | |
| control field | TZ-ArACH |
| 005 - DATE AND TIME OF LATEST TRANSACTION | |
| control field | 20130703152212.0 |
| 008 - FIXED-LENGTH DATA ELEMENTS--GENERAL INFORMATION | |
| fixed length control field | 100506s2010 fr g 000 0 fre d |
| 017 ## - COPYRIGHT OR LEGAL DEPOSIT NUMBER | |
| Copyright or legal deposit number | DL 88-23071 |
| Assigning agency | FR |
| 020 ## - INTERNATIONAL STANDARD BOOK NUMBER | |
| International Standard Book Number | 9782707160041 |
| 035 ## - SYSTEM CONTROL NUMBER | |
| System control number | (OCoLC)690397879 |
| 040 ## - CATALOGING SOURCE | |
| Original cataloging agency | ZWZ |
| Description conventions | ncafnor |
| Language of cataloging | fre |
| Transcribing agency | TZ-ArACH |
| Modifying agency | LVB |
| 041 ## - LANGUAGE CODE | |
| Language code of text/sound track or separate title | Fre |
| 049 ## - LOCAL HOLDINGS (OCLC) | |
| Holding library | TZAA |
| 050 #4 - LIBRARY OF CONGRESS CALL NUMBER | |
| Classification number | KJV4204 |
| Item number | .E83 |
| 082 04 - DEWEY DECIMAL CLASSIFICATION NUMBER | |
| Classification number | 340 |
| 110 2# - MAIN ENTRY--CORPORATE NAME | |
| Corporate name or jurisdiction name as entry element | Ligue française pour la défense des droits de l'homme et du citoyen. |
| Relator term | Auteur. |
| 9 (RLIN) | 2503 |
| 245 13 - TITLE STATEMENT | |
| Title | Justice bafouée : l'état des droits de l'homme en France / |
| Medium | [Texte imprimé] : l'état des droits de l'homme en France / |
| Statement of responsibility, etc | Ligue des droits de l'homme ; sous la direction de Jean-Pierre Dubois, Françoise Dumont, Tiphaine Inglebert. |
| 250 ## - EDITION STATEMENT | |
| Edition statement | Édition 2010. |
| 260 ## - PUBLICATION, DISTRIBUTION, ETC. (IMPRINT) | |
| Place of publication, distribution, etc | Paris (9 bis, rue Abel-Hovelacque) : |
| Name of publisher, distributor, etc | La Découverte, |
| Date of publication, distribution, etc | impr. 2010 |
| Place of manufacture | (18-Saint-Amand-Montrond : |
| Manufacturer | Impr. CPI Bussière) |
| 300 ## - PHYSICAL DESCRIPTION | |
| Extent | 1 vol. (124 p.) ; |
| Dimensions | 20 cm. |
| 490 1# - SERIES STATEMENT | |
| Series statement | Sur le vif |
| 504 ## - BIBLIOGRAPHY, ETC. NOTE | |
| Bibliography, etc | Notes bibliogr. en bas de pages. Chronologie de l'année 2009. |
| 650 #7 - SUBJECT ADDED ENTRY--TOPICAL TERM | |
| Topical term or geographic name as entry element | Droits de l'homme |
| Geographic subdivision | France. |
| 9 (RLIN) | 2504 |
| 650 #7 - SUBJECT ADDED ENTRY--TOPICAL TERM | |
| Topical term or geographic name as entry element | Human rights |
| Geographic subdivision | France |
| 9 (RLIN) | 2505 |
| 650 17 - SUBJECT ADDED ENTRY--TOPICAL TERM | |
| Topical term or geographic name as entry element | Justice sociale. |
| Source of heading or term | ram |
| 9 (RLIN) | 2506 |
| 650 #7 - SUBJECT ADDED ENTRY--TOPICAL TERM | |
| Topical term or geographic name as entry element | Droit et politique. |
| 9 (RLIN) | 2507 |
| 650 #6 - SUBJECT ADDED ENTRY--TOPICAL TERM | |
| Topical term or geographic name as entry element | Droits de l'homme |
| Geographic subdivision | France. |
| 9 (RLIN) | 2508 |
| 650 #6 - SUBJECT ADDED ENTRY--TOPICAL TERM | |
| Topical term or geographic name as entry element | Civil rights |
| Geographic subdivision | France |
| 9 (RLIN) | 2509 |
| 650 #6 - SUBJECT ADDED ENTRY--TOPICAL TERM | |
| Topical term or geographic name as entry element | Droits de l'homme (Droit international) |
| Geographic subdivision | France. |
| 9 (RLIN) | 2510 |
| 700 1# - ADDED ENTRY--PERSONAL NAME | |
| Personal name | Dubois, Jean-Pierre |
| Dates associated with a name | (1952-....). |
| Relator term | Directeur de la publication. |
| 9 (RLIN) | 2511 |
| 700 1# - ADDED ENTRY--PERSONAL NAME | |
| Personal name | Dumont, Françoise |
| Dates associated with a name | (19..-....; |
| Titles and other words associated with a name | enseignante). |
| Relator term | Directeur de la publication. |
| 9 (RLIN) | 2512 |
| 700 1# - ADDED ENTRY--PERSONAL NAME | |
| Personal name | Inglebert, Tiphaine. |
| Relator term | Directeur de la publication. |
| 9 (RLIN) | 2513 |
| 830 #0 - SERIES ADDED ENTRY--UNIFORM TITLE | |
| Uniform title | Sur le vif (Paris. 1998) |
| 9 (RLIN) | 2514 |
| 942 ## - ADDED ENTRY ELEMENTS (KOHA) | |
| Source of classification or shelving scheme | Library of Congress Classification |
| Koha item type | Books |
| Home library | Current library | Shelving location | Date acquired | Full call number | Barcode | Koha item type |
|---|---|---|---|---|---|---|
| African Court on Human and Peoples' Rights Library | African Court on Human and Peoples' Rights Library | 29/09/2011 | KJV4204 .E83 | 10013997 | Books | |
| African Court on Human and Peoples' Rights Library | African Court on Human and Peoples' Rights Library | 03/07/2013 | KJV4204 .E83 | 10238883 | Books |
